000 00389nam a2200145Ia 4500
008 230711s9999||||xx |||||||||||||| ||und||
041 _aENG
082 _a620.00452
_bSR-R
100 _aSrinath,L.S
245 0 _aReliability engineering
250 _a4th Ed.
260 _c2005
_aNew Delhi
_bEWP(Affiliated East-West Press Private Limited)
650 _aMechanical Engineering
942 _cBK
999 _c4058
_d4058